000 00487cam a2200145 4500500
005 20251012032659.0
041 _afre
042 _adc
100 1 0 _aBucchi, Déborah
_eauthor
245 0 0 _aPendant ce temps la Terre soufflait (Sur Umwelt de Maguy Marin)
260 _c2024.
500 _a29
786 0 _nLes Temps qui restent | 2 | 2 | 2024-11-13 | p. 220-232 | 3038-0464
856 4 1 _uhttps://shs.cairn.info/les-temps-qui-restent-2024-2-page-220?lang=fr&redirect-ssocas=7080
999 _c1548044
_d1548044